[Event "Madrid-ch U16"]
[Site "Madrid"]
[Date "2021.04.25"]
[Round "5"]
[White "Neagu, Roberto Florin"]
[Black "Lavayen Torres, Leonardo"]
[Result "0-1"]
[WhiteElo "1965"]
[BlackElo "1661"]
[PlyCount "112"]
[EventDate "2021.04.17"]
[EventType "swiss"]
[EventRounds "5"]
[EventCountry "ESP"]
[SourceTitle "EXT 2023"]
[Source "ChessBase"]
[SourceDate "2022.10.05"]
[SourceVersion "1"]
[SourceVersionDate "2022.10.05"]
[SourceQuality "1"]

1. d4 Nf6 2. c4 g6 3. Nc3 Bg7 4. e4 d6 5. Nf3 Nbd7 6. Be2 e5 7. 0-0 0-0 8. d5 Nc5 9. Qc2 a5 10. b3 Nh5 11. Re1 f5 12. Bd3 f4 13. Rd1 g5 14. Ne1 g4 15. Bf1 g3 16. h3 gxf2+ 17. Qxf2 Qg5 18. g4 Nf6 19. Qg2 Qg6 20. Bd3 f3 21. Nxf3 Nxg4 22. Be2 Nf6 23. Qxg6 hxg6 24. Ng5 Bh6 25. Bf1 Bxg5 26. Bxg5 Nfxe4 27. Nxe4 Nxe4 28. Bh6 Rf3 29. Bg2 Rg3 30. Kh2 Bf5 31. Rf1 Rd3 32. Rfe1 Nf6 33. Rac1 Kf7 34. Bf1 Rd4 35. Be3 Rh4 36. Bg5 Rh5 37. Bxf6 Kxf6 38. c5 Ke7 39. Re3 dxc5 40. Rxc5 Kd6 41. Rcc3 Rc8 42. Bg2 Rch8 43. a3 g5 44. Kg1 Rh4 45. Rg3 g4 46. hxg4 Rxg4 47. Rxg4 Bxg4 48. Kf2 Rf8+ 49. Ke3 Bh5 50. Rc1 Rg8 51. Kf2 Bf7 52. Be4 Rg4 53. Kf3 Bh5 54. Rc4 Rh4+ 55. Kf2 Rh2+ 56. Bg2 Bf7 0-1

[Event "Madrid-ch U16"]
[Site "Madrid"]
[Date "2021.04.24"]
[Round "4"]
[White "Lavayen Torres, Leonardo"]
[Black "Carretero Badorrey, Alejandro"]
[Result "1-0"]
[WhiteElo "1661"]
[BlackElo "1225"]
[PlyCount "59"]
[EventDate "2021.04.17"]
[EventType "swiss"]
[EventRounds "5"]
[EventCountry "ESP"]
[SourceTitle "EXT 2023"]
[Source "ChessBase"]
[SourceDate "2022.10.05"]
[SourceVersion "1"]
[SourceVersionDate "2022.10.05"]
[SourceQuality "1"]

1. e4 e5 2. Nc3 Bc5 3. f4 Nc6 4. Nf3 d6 5. Bb5 Bd7 6. Bxc6 Bxc6 7. d4 exd4 8. Nxd4 Nf6 9. Nxc6 bxc6 10. Qf3 Qd7 11. Na4 Bb6 12. Nxb6 cxb6 13. 0-0 0-0 14. c4 Rfe8 15. Re1 Qc7 16. Bd2 h6 17. Bc3 Nd7 18. Rad1 Rad8 19. Qg4 f6 20. Rd3 Nc5 21. Rde3 Na4 22. Bxf6 Rd7 23. e5 dxe5 24. Rxe5 Rxe5 25. Rxe5 Qc8 26. Re7 Qf8 27. Qe6+ Kh7 28. Re8 Rd1+ 29. Kf2 Rd2+ 30. Ke1 1-0

[Event "Madrid-ch U14"]
[Site "Madrid"]
[Date "2019.04.06"]
[Round "5"]
[White "Simon Novillo, Carlos"]
[Black "Lavayen Torres, Leonardo"]
[Result "0-1"]
[WhiteElo "1420"]
[BlackElo "1592"]
[PlyCount "101"]
[EventDate "2019.03.30"]
[EventType "swiss"]
[EventRounds "6"]
[EventCountry "ESP"]
[SourceTitle "EXT 2021"]
[Source "ChessBase"]
[SourceDate "2020.10.23"]
[SourceVersion "1"]
[SourceVersionDate "2020.10.23"]
[SourceQuality "1"]

1. e4 e5 2. Nf3 Nc6 3. Bc4 Nf6 4. d3 Bc5 5. Nc3 d6 6. h3 Be6 7. Bb3 a6 8. Be3 Bxb3 9. axb3 Bxe3 10. fxe3 d5 11. exd5 Nxd5 12. Qd2 0-0 13. 0-0 f6 14. Ne2 Re8 15. Ng3 Qd7 16. Nh4 Rad8 17. Ne4 Rf8 18. Qe2 Ncb4 19. Nf5 g6 20. Nh6+ Kg7 21. Ng4 f5 22. Nc5 Qc6 23. c3 Qxc5 24. cxb4 Nxb4 25. Nf2 Qc2 26. Qf3 c6 27. e4 Nxd3 28. Qg3 Qc5 29. Kh1 Nxf2+ 30. Rxf2 f4 31. Qf3 Qe3 32. Ra5 Qe1+ 33. Kh2 Rd1 34. Rf1 Qxf1 35. Qxf1 Rxf1 36. Rxe5 Kf6 37. Rc5 Re8 38. Rc4 Re1 39. Rb4 Re7 40. Rd4 R1xe4 41. Rd8 Re2 42. Rf8+ Kg7 43. Rxf4 Rxb2 44. Rb4 h5 45. Kg1 h4 46. Rxh4 Ree2 47. Rg4 Rxb3 48. Kh2 Rbb2 49. h4 Rxg2+ 50. Rxg2 Rxg2+ 51. Kxg2 0-1

[Event "Madrid San Viator op-B 29th"]
[Site "Madrid"]
[Date "2017.11.12"]
[Round "9"]
[White "Lavayen Torres, Leonardo"]
[Black "Gallego Romero, Manuel"]
[Result "1-0"]
[WhiteElo "1342"]
[BlackElo "1475"]
[PlyCount "103"]
[EventDate "2017.09.17"]
[EventType "swiss"]
[EventRounds "9"]
[EventCountry "ESP"]
[SourceTitle "EXT 2019"]
[Source "ChessBase"]
[SourceDate "2018.10.10"]
[SourceVersion "1"]
[SourceVersionDate "2018.10.10"]
[SourceQuality "1"]

1. e4 e5 2. Nf3 Nc6 3. Bc4 h6 4. c3 Nf6 5. d4 d6 6. Qb3 Qe7 7. d5 Na5 8. Qb5+ Bd7 9. Qxa5 b6 10. Qb4 Nxe4 11. Bb5 Nf6 12. Bxd7+ Qxd7 13. c4 Be7 14. Nc3 0-0 15. 0-0 Rfc8 16. Rd1 Qg4 17. h3 Qh5 18. Be3 Bf8 19. a4 a5 20. Qb3 Ne8 21. Qc2 f5 22. Re1 Nf6 23. Ne2 f4 24. Bxf4 exf4 25. Nxf4 Qf7 26. Ne6 Re8 27. g4 Nh7 28. Nh4 Ng5 29. Nxg5 hxg5 30. Nf5 g6 31. Nd4 Bg7 32. Ne6 Bh6 33. Re3 Re7 34. Kg2 Qh7 35. Rf3 Rf7 36. Rxf7 Qxf7 37. Re1 Re8 38. Re3 Re7 39. Rf3 Qh7 40. Rf6 Rf7 41. Rxg6+ Kh8 42. Qc3+ Bg7 43. Rxg7 Rxg7 44. Qxg7+ Qxg7 45. Nxg7 Kxg7 46. Kf3 Kf6 47. Ke4 Kg6 48. f4 Kf6 49. fxg5+ Kxg5 50. b3 Kh4 51. Kf5 Kxh3 52. g5 1-0

[Event "Madrid San Viator op-B 29th"]
[Site "Madrid"]
[Date "2017.10.22"]
[Round "5"]
[White "Lavayen Torres, Leonardo"]
[Black "Serrano Ruiz, Lope"]
[Result "1-0"]
[WhiteElo "1342"]
[BlackElo "1521"]
[PlyCount "87"]
[EventDate "2017.09.17"]
[EventType "swiss"]
[EventRounds "9"]
[EventCountry "ESP"]
[SourceTitle "EXT 2019"]
[Source "ChessBase"]
[SourceDate "2018.10.10"]
[SourceVersion "1"]
[SourceVersionDate "2018.10.10"]
[SourceQuality "1"]

1. e4 Nf6 2. e5 Nd5 3. c4 Nb6 4. d4 d6 5. exd6 exd6 6. Nf3 Bg4 7. h3 Bh5 8. b3 Be7 9. Be2 0-0 10. 0-0 Bf6 11. Bb2 Nc6 12. Nbd2 Re8 13. Re1 a5 14. d5 Bxb2 15. Rb1 Ba3 16. dxc6 Bg6 17. cxb7 Rb8 18. Nd4 Rxb7 19. Nc2 Bc5 20. Rc1 Qh4 21. Rf1 Bf5 22. Nf3 Qg3 23. Ncd4 Bxd4 24. Nxd4 Qg6 25. Bh5 Qg5 26. Qf3 g6 27. Nxf5 Rbb8 28. Ng3 gxh5 29. Nxh5 Re6 30. Rfe1 Rbe8 31. Nf6+ Rxf6 32. Rxe8+ Kg7 33. Qg4 Qxg4 34. hxg4 Rf4 35. f3 Rd4 36. Rce1 Rd2 37. R1e2 Rd1+ 38. Kf2 Ra1 39. R8e7 Na8 40. f4 a4 41. bxa4 Nb6 42. a5 Nxc4 43. a6 d5 44. a7 1-0